Southville International School and Colleges
Your cart is empty.
  • Cart
  • Lists
    Public lists Eva Luna New books Lux_list list_1
    Your lists Log in to create your own lists
  • Log in to your account
  • Your cookies
  • Search history
Southville International School and Colleges
  • Advanced search
  • Recent comments
  • Most popular
  • Libraries

Log in to your account

Log in with GOOGLE


If you do not have an external account, but do have a local account, you can still log in:

  1. Home
  2. MARC view: Exploring Maths 2 :
Normal view MARC view ISBD view

Exploring Maths 2 : (Record no. 12824)

[ view plain ]
MARC details
000 -LEADER
fixed length control field 00618nam a2200217 a 4500
005 - DATE AND TIME OF LATEST TRANSACTION
control field 20140310182410.0
008 - FIXED-LENGTH DATA ELEMENTS--GENERAL INFORMATION
fixed length control field 130711s19uu xx 00 eng d
020 ## - INTERNATIONAL STANDARD BOOK NUMBER
International Standard Book Number 9781405844093
100 ## - MAIN ENTRY--PERSONAL NAME
Personal name Straker, Anita
245 #0 - TITLE STATEMENT
Title Exploring Maths 2 :
Remainder of title home book /
Statement of responsibility, etc Anita Straker.
260 ## - PUBLICATION, DISTRIBUTION, ETC. (IMPRINT)
Place of publication, distribution, etc Great Britain, Scotprint :
Name of publisher, distributor, etc Pearson Longman,
Date of publication, distribution, etc c2008.
300 ## - PHYSICAL DESCRIPTION
Extent 128 p.
650 ## - SUBJECT ADDED ENTRY--TOPICAL TERM
Topical term or geographic name as entry element Measurement
General subdivision Mathemitics
650 ## - SUBJECT ADDED ENTRY--TOPICAL TERM
Topical term or geographic name as entry element Forms
General subdivision Mathematics
650 ## - SUBJECT ADDED ENTRY--TOPICAL TERM
Topical term or geographic name as entry element Probabilities
General subdivision mathematics
700 ## - ADDED ENTRY--PERSONAL NAME
Personal name Fisher, Tony
700 ## - ADDED ENTRY--PERSONAL NAME
Personal name Hyde, Roslyn
700 ## - ADDED ENTRY--PERSONAL NAME
Personal name Jennings, Sue
700 ## - ADDED ENTRY--PERSONAL NAME
Personal name Longstaffe, Jonathan
942 ## - ADDED ENTRY ELEMENTS (KOHA)
Koha item type Books
Holdings
Withdrawn status Lost status Source of classification or shelving scheme Damaged status Home library Current library Shelving location Date acquired Source of acquisition Cost, normal purchase price Total Checkouts Full call number Barcode Date last seen Price effective from Koha item type Sub Shelving location
    Library of Congress Classification   Luxembourg Library Luxembourg Library Teachers Reference Section 07/11/2013 Donation 379.12   QA 11.39.2 St896h 2008 19514 10/10/2013 10/10/2013 Books  
    Library of Congress Classification   Luxembourg Library Luxembourg Library Teachers Reference Section 04/22/2016 Library Fund     QA 11.39.2 St896h 2008 19513 04/22/2016 04/22/2016 Books  

Exploring Maths 2 :

APA

Straker A., Fisher T., Hyde R., Jennings S. & Longstaffe J. (2008). Exploring Maths 2. Great Britain, Scotprint: Pearson Longman.

Chicago

Straker Anita, Fisher Tony, Hyde Roslyn, Jennings Sue and Longstaffe Jonathan. 2008. Exploring Maths 2. Great Britain, Scotprint: Pearson Longman.

Harvard

Straker A., Fisher T., Hyde R., Jennings S. and Longstaffe J. (2008). Exploring Maths 2. Great Britain, Scotprint: Pearson Longman.

MLA

Straker Anita, Fisher Tony, Hyde Roslyn, Jennings Sue and Longstaffe Jonathan. Exploring Maths 2. Great Britain, Scotprint: Pearson Longman. 2008.

  • Place hold
  • Print
  • Cite
  • Add to your cart (remove)
  • Save record
    BIBTEX Dublin Core MARCXML MARC (non-Unicode/MARC-8) MARC (Unicode/UTF-8) MARC (Unicode/UTF-8, Standard) MODS (XML) RIS
  • More searches
    Search for this title in:
    Other Libraries (WorldCat) Other Databases (Google Scholar) Online Stores (Bookfinder.com) Open Library (openlibrary.org)

Exporting to Dublin Core...

SOUTHVILLE LIBRARY

Southville International School and Colleges Library

1281 Tropical Ave. Cor. Luxembourg St., BF Homes International, Las Pinas City

Tel. No. 8256374 / 252358 Loc. 117/146

Powered by Koha